|
|
|
|
| LEADER |
00000nam a22000007a 4500 |
| 005 |
20131009185558.0 |
| 007 |
cr|||| |||| |
| 008 |
131009c20119999co |||| s|||| 0||| 1spa d |
| 022 |
|
|
|a 2011-9836
|
| 035 |
|
|
|a 11554
|
| 040 |
|
|
|a vLex
|
| 090 |
|
|
|c 4536
|d 4536
|
| 245 |
|
|
|a In Vestigium Ire
|h [Recurso electrn̤ico]
|
| 256 |
|
|
|a Servicio en ln̕ea
|
| 260 |
|
|
|a [Colombia]:
|b Universidad de Santo Toms̀,
|c 2011-
|
| 300 |
|
|
|a 1 recurso electrn̤ico
|
| 310 |
|
|
|a Anual
|
| 362 |
|
|
|a Nm︢. 1 (2011) -
|
| 506 |
1 |
|
|a Contenido solo disponible en los productos indicados
|d vLex Global
|d vLex Global (Academic Edition, excluding Law Schools)
|d vLex Global (U.S. Academic Edition, Law Schools)
|d vLex Global (U.S. Academic Edition, excluding Law Schools)
|d vLex Global (Academic Edition, Law Schools)
|
| 650 |
0 |
4 |
|a Derecho Pb︢lico Administrativo
|z Colombia
|
| 650 |
0 |
4 |
|a Contabilidad
|
| 740 |
0 |
|
|a vLex Revistas (Servicio en ln̕ea)
|
| 856 |
4 |
0 |
|u http://vlex.com/source/in-vestigium-ire-11554
|z Acceso restringido
|
| 942 |
|
|
|c REV
|
| 999 |
0 |
|
|a Public law
|
| 999 |
0 |
|
|a Accounting
|